UM Logo

Human Resource Development: (Record no. 15034)

MARC details
000 -LEADER
fixed length control field 00590nam a22001577a 4500
008 - FIXED-LENGTH DATA ELEMENTS--GENERAL INFORMATION
fixed length control field 200207b ||||| |||| 00| 0 eng d
020 ## - INTERNATIONAL STANDARD BOOK NUMBER
International Standard Book Number 9715502407
082 ## - DEWEY DECIMAL CLASSIFICATION NUMBER
Edition number 1994
Classification number DFil 331.1109599
Item number H88
245 ## - TITLE STATEMENT
Title Human Resource Development:
Remainder of title The Philippine experience : readings for the practitioner/
Statement of responsibility, etc. Edited by Carmela D. Ortigas.
250 ## - EDITION STATEMENT
Edition statement 2nd edition
260 ## - PUBLICATION, DISTRIBUTION, ETC. (IMPRINT)
Place of publication, distribution, etc. Quezon City:
Name of publisher, distributor, etc. Ateneo de Manila University Press,
Date of publication, distribution, etc. ©1994.
300 ## - PHYSICAL DESCRIPTION
Extent v, 170 pages:
Other physical details illustrations;
Dimensions 26 cm.
500 ## - GENERAL NOTE
General note Includes references
650 ## - SUBJECT ADDED ENTRY--TOPICAL TERM
Topical term or geographic name as entry element Manpower planning -- Philippines.
9 (RLIN) 41702
942 ## - ADDED ENTRY ELEMENTS (KOHA)
Source of classification or shelving scheme Dewey Decimal Classification
Koha item type Filipiniana
Holdings
Withdrawn status Lost status Source of classification or shelving scheme Damaged status Not for loan Collection code Home library Current library Source of acquisition Total Checkouts Full call number Barcode Date last seen Copy number Price effective from Koha item type Date acquired
    Dewey Decimal Classification     Filipiniana UM Digos College - LIC UM Digos College - LIC Purchase   DFil 331.1109599 H88 1994 17704 05/15/2025 1 02/07/2020 Filipiniana  
    Dewey Decimal Classification     Filipiniana UM Digos College - LIC UM Digos College - LIC Purchased   DFil 331.1109599 H88 17948 05/15/2025 2 03/28/2025 Filipiniana 11/30/2004